000 00942naa a22002897a 4500
001 BR9101933
003 BR-BrBNA
005 20240918180653.0
007 ta
008 230509b bl.||||| |||| 00| 0 por d
040 _aBR-BrBNA
_bpor
_cBiblioteca Nacional de Agricultura
041 _a(Pt)
072 _aF04
_b3840
_b3830
090 _aF04 BR9101933
100 1 _aRaij, B. van
245 1 _aEnxofre, calcio, magnesio e fosforo
260 3 _aCampo Grande, MS (Brasil):
_c1989.
500 _aAtualizaco em fertilidade do solo; curso 2 - v. 2 Campo Grande, MS (Brasil): 1989. p. 9-53 (BR9101933-AM)F04
650 _aENXOFRE
650 _aCALCIO
650 _aMAGNESIO
650 _aFERTILIZANTE FOSFATADO
650 _aFERTILIDADE DO SOLO
773 0 _tAtualizaco em fertilidade do solo; curso 2 - v. 2
_wF04 BR9101933
_gCampo Grande, MS (Brasil), 1989. p. 9-53
909 _a202404
_bLucia
_c55
_dLucia Elande
942 _cAM
_2AGRIS
999 _c321595
_d321595